Khartoum : (Record no. 888)

MARC details
000 -LEADER
fixed length control field 00624nam a22002052 4500
001 - CONTROL NUMBER
control field 0000012746
005 - DATE AND TIME OF LATEST TRANSACTION
control field 20151021151124.0
008 - FIXED-LENGTH DATA ELEMENTS--GENERAL INFORMATION
fixed length control field 090317s xx 000 0 eng d
020 ## - INTERNATIONAL STANDARD BOOK NUMBER
International Standard Book Number 0140258554 :
040 ## - CATALOGING SOURCE
Original cataloging agency KABU
Transcribing agency KABU
100 1# - MAIN ENTRY--PERSONAL NAME
Personal name Asher, Michael.
-- 0000169654
245 10 - TITLE STATEMENT
Title Khartoum :
Remainder of title the ultimate imperial adventure /
Statement of responsibility, etc. Michael Asher.
250 ## - EDITION STATEMENT
Edition statement 1st ed.
260 ## - PUBLICATION, DISTRIBUTION, ETC. (IMPRINT)
Place of publication, distribution, etc. London :
Name of publisher, distributor, etc. Penguin,
Date of publication, distribution, etc. 2005.
300 ## - PHYSICAL DESCRIPTION
Extent xxx, 450 p.
651 #0 - SUBJECT ADDED ENTRY--GEOGRAPHIC NAME
Geographic name Khartoum (Sudan)
General subdivision History
Chronological subdivision 19th century.
-- 0000169655
852 1# - LOCATION
-- p1285 KES
908 ## - PUT COMMAND PARAMETER (RLIN)
Put command parameter 090317
950 ## - LOCAL HOLDINGS (RLIN)
-- 1
Holdings
Withdrawn status Lost status Source of classification or shelving scheme Not for loan Home library Current library Date acquired Total Checkouts Full call number Barcode Date last seen Date last checked out Price effective from Koha item type
    Library of Congress Classification   Kabarak, Nakuru City Campus Kabarak, Main Campus 21/10/2015 1 DT159.7 .A84 2005 c. 1 17188 11/08/2025 25/07/2025 21/10/2015 General Collection
Designed with assistance from East African Informatics Ltd